| 000 | 00474nam 22001693 4500 | ||
|---|---|---|---|
| 001 | 201064 | ||
| 090 | _a201064 | ||
| 100 | _a20260309d u||y0pory50 ba | ||
| 200 |
_aCinema do Quebeque, anos 80 _fCinemateca Portuguesa 1985 |
||
| 210 |
_aLisboa _cCinemateca Portuguesa _d[19??] |
||
| 215 |
_a42 p. _cbrochado _d20 cm |
||
| 606 |
_916666 _aCinema. Filmes |
||
| 675 |
_a791 _vPT _zpor |
||
| 710 |
_914383 _aCinemateca Portuguesa |
||
| 801 |
_aPT _bBMMN _gRPC |
||
| 830 | _cVanda | ||
| 990 | _cLIVROS | ||